Embajadas de España y su historia / (Record no. 6219)

MARC details
000 -LEADER
campo de control de longitud fija 00830nam a2200229 i 4500
001 - NÚMERO DE CONTROL
campo de control 6219
003 - IDENTIFICADOR DE NÚMERO DE CONTROL
campo de control ES-MaACL
005 - FECHA Y HORA DE LA ÚLTIMA TRANSACCIÓN
campo de control 20231222163559.0
008 - DATOS DE LONGITUD FIJA--INFORMACIÓN GENERAL
campo de control de longitud fija 890829s1989 sp ||||1| spa d
020 ## - NÚMERO INTERNACIONAL ESTÁNDAR DEL LIBRO
Número Internacional Estándar del Libro 84-239-5278-9
080 ## - NÚMERO DE LA CLASIFICACIÓN DECIMAL UNIVERSAL
Número de la Clasificación Decimal Universal 725.12(46)
100 1# - ENTRADA PRINCIPAL--NOMBRE DE PERSONA
Nombre de persona Gyenes, Juan (
Fechas asociadas al nombre 1912-1995)
9 (RLIN) 61331
245 10 - MENCIÓN DEL TÍTULO
Título Embajadas de España y su historia /
Mención de responsabilidad, etc. en fotografias de Juan Gyenes y textos de Alfonso de la Serna.
260 ## - PUBLICACIÓN, DISTRIBUCIÓN, ETC.
Lugar de publicación, distribución, etc. Madrid :
Nombre del editor, distribuidor, etc. Espasa-Calpe,
Fecha de publicación, distribución, etc. 1989.
300 ## - DESCRIPCIÓN FÍSICA
Extensión 198 p. :
Otras características físicas principalmente fot. col. y n. ;
Dimensiones 31 cm.
600 14 - PUNTO DE ACCESO ADICIONAL DE MATERIA--NOMBRE DE PERSONA
Nombre de persona Gyenes, Juan (
Fechas asociadas al nombre 1912-1995)
9 (RLIN) 61331
650 #4 - PUNTO DE ACCESO ADICIONAL DE MATERIA--TÉRMINO DE MATERIA
Término de materia o nombre geográfico como elemento de entrada Edificios para embajadas-
Subdivisión de forma Historia.
9 (RLIN) 172625
650 #4 - PUNTO DE ACCESO ADICIONAL DE MATERIA--TÉRMINO DE MATERIA
Término de materia o nombre geográfico como elemento de entrada Servicio diplomático y consular-
Subdivisión geográfica España.
9 (RLIN) 172626
700 1# - ENTRADA AGREGADA--NOMBRE PERSONAL
Nombre de persona Serna, Alfonso de la,
Fechas asociadas al nombre 1922-2006
9 (RLIN) 105561
852 ## - LOCALIZACIÓN
Ubicación ES-MaACL
Número de control de estantería L-13334
Nota libre - Enc. tela
Holdings
Estatus retirado Estado de pérdida Estado de daño No para préstamo Biblioteca de origen Biblioteca actual Ubicación en estantería Fecha de adquisición Fuente de adquisición Total de préstamos Signatura topográfica completa Código de barras Visto por última vez Precio de reemplazo Tipo de ítem Koha
        Biblioteca del Ateneo de Madrid Biblioteca del Ateneo de Madrid Depósito 2 17/01/2008     L-13334 1006330 23/02/2023 23/02/2023 Libro impreso